| 000 | 00617nam a2200121Ia 4500 | ||
|---|---|---|---|
| 008 | 220615s9999||||xx |||||||||||||| ||und|| | ||
| 100 | _aEicker, Friedhelm||Haseloff, Gesine||Lennartz, Bernd | ||
| 245 | 0 |
_aVocational Education and Training in Sub-Saharan Africa _bCurrent Situation and Development |
|
| 546 | _aEnglish[eng] | ||
| 650 | _aSociology||Berufs- und Wirtschaftspädagogik | ||
| 856 | _uhttps://library.oapen.org/bitstream/20.500.12657/30949/1/640951.pdf||https://library.oapen.org/bitstream/20.500.12657/30949/1/640951.pdf||https://library.oapen.org/bitstream/20.500.12657/30949/1/640951.pdf | ||
| 942 | _cEB | ||
| 999 |
_c13656 _d13656 |
||